000 00586nam a22001937a 4500
008 150330b xxu||||| |||| 00| 0 eng d
020 _a1559340770
041 0 _aeng
080 _a101
245 0 0 _aUnderstanding non-Western philosophy :
_cedited by Daniel Bonevac, Stephen Phillips.
260 _aMountain View, Calif. :
_bMayfield,
_c1993.
300 _a350 f.:
_bme il.;
_c24 cm.
500 _aPreface: f.IX-XIII
505 _aIndex: f.347-350
650 _aFilozofi
700 1 _aBonevac, Daniel A.,
700 1 _aPhillips, Stephen H.,
942 _2udc
_cBK
999 _c582
_d582